Estadísticas para 15 principales países con muertes de Covid-19 - 6 de mayo

Haz click aquí para intentar la prueba.

Estadísticas generales

  • Esta prueba ha sido intentada 7 veces
  • La puntuación promedio es 15 de 21

Estadísticas de respuestas

país% Correcto
Canadá
100%
China
100%
España
100%
Estados Unidos
100%
Italia
100%
Reino Unido
100%
Alemania
80%
Brasil
80%
Francia
80%
Bélgica
60%
Ecuador
60%
Irán
60%
Irlanda
60%
México
60%
Países Bajos
60%
Portugal
60%
Suecia
60%
Suecia
60%
Suiza
60%
Dinamarca
40%
Turquía
20%

Distribución de puntuación

Porcentaje por número respondido

Porcentaje de gente con cada puntuación

Historial de tus puntuaciones

No has intentado esta prueba.